| 000 | 00570nam a2200205Ia 4500 | ||
|---|---|---|---|
| 003 | OSt | ||
| 005 | 20230429103143.0 | ||
| 008 | 210423s2019 xx 000 0 und d | ||
| 020 | _a978-93-88423-35-9 | ||
| 040 | _cAL | ||
| 041 | _aeng | ||
| 082 |
_a332.10954 _223 _bBANH |
||
| 100 |
_aBANDYOPADHYAY (Tamal);NILEKANI (Nandan) _995012 |
||
| 245 | _aHDFC bank 2.0 from dawn to digital | ||
| 260 |
_aNew Delhi _bJaico Publishing House _c2019 |
||
| 300 |
_axvii,430 _bPB |
||
| 365 |
_b499 _cINR |
||
| 906 | _aCreative ; Intelligence ; now ; response | ||
| 942 |
_2ddc _cBK |
||
| 999 |
_c170436 _d170436 |
||